| 000 | 00373 a2200157 4500 | ||
|---|---|---|---|
| 001 | 44514 | ||
| 020 | _a9788572722629 | ||
| 040 | _cAnchieta - Aquarius | ||
| 100 | _aHohfeldt, Antônio | ||
| 240 | 1 | 0 |
_aO velhinho que virou criança _lpor |
| 245 | 1 | 0 | _aO velhinho que virou criança |
| 300 | _a44 | ||
| 362 | 0 | _a2009 | |
| 650 | 4 | _aLiteratura infanto-juvenil | |
| 942 | _cBK | ||
| 999 |
_c44514 _d44514 |
||